Регионална библиотека "Любен Каравелов" - Русе

Педагогический репертуар для фортепьяно (Запис номер 360051)

MARC детайли
000 -Лидер
Контролно поле с фиксирана дължина 01026ncm a2200301 c 4500
003 - Код на организацията, давaща контролен номер
Контролно поле BLK
005 - Дата и час на последна редакция
Контролно поле 20200507084157.0
008 - Елементи от данни с фиксирана дължина
fixed length control field 180414b bul |a|er|||| |0| c|bulo|
010 ## - Наследен системен номер
LC control number NOT00002979000
040 ## - Източник на каталожния запис
Идентификатор на билиотеката - собственик на записа BLK
041 ## - Код за език
Код за езика на текст/звукозапис или на отделно заглавие Руски
Код за езика КДБФ Руски
080 ## - УДК
Текстов определител УДК Музика за пиано
УДК код - определител по УДК 786.2
УДК - код + определител 786.2
139 ## - Редно поле
Редна дума Педагогический репертуар для фортепьяно
Авторски знак Пе - П 32
245 10 - Сведения за заглавието
Заглавие Педагогический репертуар для фортепьяно
Подзаглавни данни Детская муз. школа 1 класс : Сборник третий
257 ## - Страна на издаване
Страна на създаване/издаване Русия
260 ## - Област на издателските данни
Име на издателя, разпространителя и проч. Гос. муз. изд.
Година на издаване 1958
9 (RLIN) 211649
Място на издаване, разпространение и проч. Москва
300 ## - Физическа характеристика
Страници 15 с.
Размери/Мащаб 29 см
380 ## - Жанр
Жанр Изкуство
505 ## - Форматирана забележка
Авторската отговорност Г. Ф. Телеман.
Заглавие Две пьесы
505 ## - Форматирана забележка
Авторската отговорност Л. Моцарт.
Заглавие Менуэт
505 ## - Форматирана забележка
Авторската отговорност Л. Моцарт.
Заглавие Буррэ
505 ## - Форматирана забележка
Авторската отговорност Д. Перселл.
Заглавие Менуэт
505 ## - Форматирана забележка
Авторската отговорност И. Гумелль.
Заглавие Три легкие пьесы
505 ## - Форматирана забележка
Авторската отговорност И. Кригер.
Заглавие Менуэт
505 ## - Форматирана забележка
Авторската отговорност Д. Штейбельт.
Заглавие Адажио
505 ## - Форматирана забележка
Авторската отговорност И. Плейель.
Заглавие Менуэт
505 ## - Форматирана забележка
Авторската отговорност Э. Тетцель.
Заглавие Прелюдия
505 ## - Форматирана забележка
Авторската отговорност Бэла Барток.
Заглавие Три пьесы
650 #7 - Допълнително описание по предмет – тема
Основно описание – тема или топоним Пиано
9 (RLIN) 166247
653 ## - Ключова дума – ненормативна
Ключова дума пиано
852 ## - Местоположение
Форматна сигнатура Цб М ІІ 4691
Част 1
856 4# - Електронен адрес и достъп
Електронен формат pdf - файл
Път до файла /url/
856 4# - Електронен адрес и достъп
Електронен формат pdf - файл
Път до файла /url/
999 ## - СИСТЕМНИ КОНТРОЛНИ НОМЕРА
Koha biblionumber 360051
Koha biblioitemnumber 360051
942 ## - АРТИКУЛИ
Вид на библиотечния материал Нотни издания
Скрит в OPAC Не
Периодичен библиозапис Да
944 ## - СЪЗДАВАНЕ И РЕДАКЦИЯ на ЗАПИСА
Създаване/Редакция Създаване
Дата на регистрацията/редакция 2020-05-07
Служител, извършил регистрацията/редакцията Ренета Константинова
999 ## - СИСТЕМНИ КОНТРОЛНИ НОМЕРА
Koha biblioitemnumber 314164
Наличности
Код за отписване Код за изгубен артикул Източник на класификационната схема Код за повреда Коз за рестрикции Код за отдаване Артикулен № Име на библиотеката - собственик Име на библиотеката, в която се намира в момента Статус (Текущо местоположение) Дата на вписване в системата Местоположение - отдел Цена в лева Инвентарен номер Систематично азбучна сигнатура Баркод Цена в евро Служебен тип на артикула
  Не е изгубен Universal Decimal Classification Не е повреден само за читалня ползва се в читалня 767849 Регионална библиотека "Любен Каравелов" Русе Регионална библиотека "Любен Каравелов" Русе Хранилище 2020-05-08 Основен фонд - ползва се само за читалня 0.16 15093/67 Цб М II 4691 900000006313 0.08 Нотни издания
Vip Innovations Ltd, Rousse, Bulgaria 2025